| 000 | 00688nam a22002297a 4500 | ||
|---|---|---|---|
| 005 | 20170627095348.0 | ||
| 010 | _aENG-118921 | ||
| 020 |
_a9788479663523 _c400.00 |
||
| 035 | _aEN-102453 | ||
| 037 | _bDBAD/PUB | ||
| 082 | _a337 | ||
| 100 | _aArokiasamy, Lourthusamy | ||
| 245 |
_aPaths of human economy / _cby Lourthusamy Arokiasamy...at all |
||
| 260 |
_aChennai _bEmerald Publishers _c2017 |
||
| 270 | _a15A, First Floor, Casa Major Road Emerald, Chennai-600008 | ||
| 300 |
_a286p _c23cm.(pbk) |
||
| 700 | _aArokiasamy, Lourthusamy | ||
| 700 | _aBerthelot, Yves | ||
| 700 | _aLalane, Andres | ||
| 700 | _aRazafimbelo, Lily | ||
| 942 |
_2ddc _cEN _h337 _mARO |
||
| 999 |
_c141974 _d141974 |
||